La Navegació a Catalunya / Joan Alemany i Àngels Casanovas
Descripción Física:
267 p. : il., col. ; 32 cm
Otros Autores:
Casanovas, Àngels
Materias:
Navegació -- Catalunya
MARC
| LEADER | 00000nam a2200000Ia 4500 | ||
|---|---|---|---|
| 001 | 7555 | ||
| 008 | 160829s1987 xx 000 0 cat d | ||
| 080 | |a C-1-90 | ||
| 100 | |a Alemany i Llovera, Joan |9 26923 | ||
| 245 | |a La Navegació a Catalunya / Joan Alemany i Àngels Casanovas | ||
| 260 | |a Barcelona : |b Diputació de Barcelona, |c 1987 | ||
| 300 | |a 267 p. : |b il., col. ; |c 32 cm | ||
| 590 | |a Davant de cadascun dels set capítols, un full plegat | ||
| 650 | |a Navegació |x Catalunya |9 26924 | ||
| 700 | |a Casanovas, Àngels |9 48791 | ||
| 710 | 1 | |a Barcelona (Catalunya : Província). |b Diputació |9 52408 | |
| 901 | |a Arxiu | ||
| 942 | |n 1 | ||
| 952 | |0 0 |1 0 |4 0 |6 C190 |7 1 |9 44209 |a Arxiu |b Arxiu |d 2016-12-01 |l 0 |o C-1-90 |p 7555 |r 2016-12-01 00:00:00 |w 2016-12-01 |y ARXIU | ||
| 999 | |c 46789 |d 46789 | ||